| 000 | 00568nam a2200229Ia 4500 | ||
|---|---|---|---|
| 003 | OSt | ||
| 005 | 20221129152456.0 | ||
| 008 | 210210b2015 xxu||||| |||| 00| 0 eng d | ||
| 020 | _a9780070700352 | ||
| 040 | _cAL | ||
| 041 | _aeng | ||
| 082 | _a536 ZEMH | ||
| 100 |
_aZEMANSKY (Mark W) _964217 |
||
| 245 | _aHeat and thermodynamics | ||
| 250 | _a8 | ||
| 260 |
_aNew Delhi _bMcGraw Hill Education (India) Private Limited _c2015 |
||
| 300 | _axxv,507 | ||
| 690 |
_aHeat _964218 |
||
| 700 |
_aDITTMAN (Richard H) _964219 |
||
| 906 | _a070682 | ||
| 942 |
_2ddc _cBK |
||
| 999 |
_c120148 _d120148 |
||